书目信息 |
| 题名: |
中山艺术
|
|
| 作者: | 邵大箴 主编 | |
| 分册: | ||
| 出版信息: | 北京 人民美术出版社 2010 |
|
| 页数: | 95页 | |
| 开本: | 30×30cm | |
| 丛书名: | ||
| 单 册: | ||
| 中图分类: | J212.052 , J222.7 | |
| 科图分类: | ||
| 主题词: | 中国画--绘画评论--中国--现代 , 中国画--作品集--中国--现代 , 绘画评论 , 中国画 | |
| 电子资源: | ||
| ISBN: | 978-7-102-05028-7 | |
| 000 | 00963nam0 2200289 45 | |
| 001 | 1129244702 | |
| 005 | 20110420092906.51 | |
| 010 | @a978-7-102-05028-7@dCNY180.00 | |
| 100 | @a20110414d2010 ekmy0chiy1020 ea | |
| 101 | 0 | @achi |
| 102 | @aCN@b110000 | |
| 105 | @aa z 000yy | |
| 106 | @ar | |
| 200 | 1 | @a中山艺术@AZhong Shan Yi Shu@e创刊号2010(总第一期)@EChuang Kan Hao 2010( Zong Di Yi Qi )@f邵大箴主编@FShao Da Zhen Zhu Bian |
| 210 | @a北京@c人民美术出版社@d2010 | |
| 215 | @a95页@c彩图@d30×30cm | |
| 300 | @a民革中央画院主办 | |
| 330 | @a本书内容包括:卷首语、民革中央领导题词、贺函、特稿、名家风采、大家风范、创作谈、学术论坛、精品鉴赏等栏目。 | |
| 606 | 0 | @a中国画@x绘画评论@y中国@z现代 |
| 606 | 0 | @a中国画@x作品集@y中国@z现代 |
| 606 | 0 | @a绘画评论 |
| 606 | 0 | @a中国画 |
| 690 | @aJ212.052@v4 | |
| 690 | @aJ222.7@v4 | |
| 701 | 0 | @a邵大箴@AShao Da Zhen@4主编 |
| 801 | 0 | @aCN@bTANGWEI@c20110420 |
| 905 | @b0537602-04@dJ212.052@e595@f3 | |
| 中山艺术:创刊号2010(总第一期)/邵大箴主编.-北京:人民美术出版社,2010 |
| 95页:彩图;30×30cm |
| 民革中央画院主办 |
| ISBN 978-7-102-05028-7:CNY180.00 |
| 本书内容包括:卷首语、民革中央领导题词、贺函、特稿、名家风采、大家风范、创作谈、学术论坛、精品鉴赏等栏目。 |
| ● |
| 相关链接 |
|
|
|
|
正题名:中山艺术
索取号:J212.052/595
 
预约/预借
| 序号 | 登录号 | 条形码 | 馆藏地/架位号 | 状态 | 备注 |
| 1 | 0537602 | 205376029 | 第一样本阅览室/ [索取号:J212.052/595] | 在馆 | |
| 2 | 0537603 | 205376038 | 第一借阅区/ [索取号:J212.052/595] | 在馆 | |
| 3 | 0537604 | 205376047 | 美术系资料室/ [索取号:J212.052/595] | 在馆 |